000 00252 a2200097 4500
001 33396
100 _aKarrenberg,U
245 _aAn Interactive Multimedia Introduction to signal processing
260 _aBerlin
_bSpringer
_c2002
090 _c22264
_d22264
942 _aNUST-CAE
_cM
_c13630
999 _c268469
_d268469